000 00409nam a2200169Ia 4500
008 230524s9999 xx 000 0 und d
020 _a9788180385568
082 _a340
_bYAQ
100 _aAnwarul Yaqin
_943635
245 0 _aLegal Research and Writing Methods
250 _a1
260 _bLexisNexis
300 _a"xxviii,281p;"
500 _aQuantity Number: 1
650 _aLAW
_943636
942 _cBK
999 _c59301
_d59301